|
|
|
|
| LEADER |
00000nam a22000007a 4500 |
| 005 |
20200421170629.0 |
| 007 |
cr|||| |||| |
| 008 |
200421s2019 es |||||s|||| 00||0 spa d |
| 020 |
|
|
|a 978-84-1324-307-8
|
| 035 |
|
|
|a 31400
|
| 040 |
|
|
|a vLex
|
| 090 |
|
|
|c 10317
|d 10317
|
| 100 |
1 |
|
|a Sur̀ez Villegas, Juan Carlos
|
| 245 |
1 |
0 |
|a Comunicacin̤ de las identidades sexo-genřicas
|h [Recurso electrn̤ico] /
|c Juan Carlos Sur̀ez Villegas, Luis Alfonso Guadarrama Rico, Paola Panarese
|
| 256 |
|
|
|a Servicio en ln̕ea
|
| 260 |
|
|
|a Madrid:
|b Dykinson,
|c 2019
|
| 300 |
|
|
|a 1 recurso electrn̤ico
|
| 506 |
1 |
|
|a Disponible solo en los productos indicados
|d vLex Global
|d vLex Global (Academic Edition, excluding Law Schools)
|d vLex Global (U.S. Academic Edition, Law Schools)
|d vLex Global (U.S. Academic Edition, excluding Law Schools)
|d vLex Global (Academic Edition, Law Schools)
|
| 650 |
0 |
4 |
|a Derecho Civil
|z Espaą
|
| 700 |
1 |
|
|a Guadarrama Rico, Luis Alfonso
|
| 700 |
1 |
|
|a Panarese, Paola
|
| 740 |
0 |
|
|a vLex Libros (Servicio en ln̕ea)
|
| 856 |
4 |
0 |
|u http://vlex.com/source/comunicacion-identidades-sexo-genericas-31400
|z Acceso restringido
|
| 942 |
|
|
|c BOOK
|
| 999 |
0 |
|
|a Civil Law
|